000 00266nam a22001217a 4500
008 180315b xxu||||| |||| 00| 0 eng d
041 _aeng
080 _a82
100 _a24
101 _aGJU
245 _aA MODERN BOOK OF ESTHETICS
_cRADER.M
942 _2udc
_cBK
999 _c45072
_d45072